| 000 | 00856nas a2200277 4500 | ||
|---|---|---|---|
| 001 | BR2017001069 | ||
| 003 | BR-BrBNA | ||
| 005 | 20231205130913.0 | ||
| 007 | ta | ||
| 008 | 230509b bl.|||p| |||| 00| 00por d | ||
| 040 |
_aBR-BrBNA _bpor _cBiblioteca Nacional de Agricultura |
||
| 041 | _a(Pt) | ||
| 072 | _aP33 | ||
| 100 | 1 | _aUzêda, M.C. | |
| 100 | 1 | _aFIdalgo, E.C.C. | |
| 100 | 1 | _aMoreira, R.V. de S. | |
| 100 | 1 | _aFontana, A. | |
| 100 | 1 | _aDonagemma, G.K. | |
| 245 | 1 | _aEutrofização de solos e comunidade arbórea em fragmentos de uma paisagem agrícola | |
| 650 | _aANÁLISE DO SOLO | ||
| 650 | _aEUTROFICAÇÃO | ||
| 650 | _aFERTILIDADE | ||
| 773 | 0 |
_tPesquisa Agropecuária Brasileira (Brazil) _xISSN 0100-204X _g(Sep 2016), v. 51(9) p. 1120-1130 _wBR2017001069 |
|
| 909 |
_a202311 _bLúcia _c55 _dLúcia Elande |
||
| 942 |
_2AGRIS _n0 _cANA |
||
| 999 |
_c251954 _d251954 |
||